Представление документа в формате RUSMARC

ПолеНазваниеЗначение
  Тип записи l
  Библиографический уровень m
001 Контрольный номер DONNUET/MAIN/e86105029b474fb9b79c6c0237633932
005 Дата корректировки 20260408145856.1
101 Язык документа 0_
a Язык текста rus
102 Страна публикации __
a Страна публикации ru
200 Заглавие и сведения об ответственности 1_
a Заглавие Механизм финансового взаимодействия государства и корпоративных финансов
e Сведения, относящиеся к заглавию диссертация на соискание ученой степени кандидата экономических наук
f Первые сведения об ответственности Е.С. Казанцева
203 Вид содержания и тип средства __
a Вид содержания Текст
c Тип средства электронный
210 Выходные данные 1_
a Место издания Донецк
d Дата издания 2025
610 Ключевые слова 0_
a Ключевые слова корпоративные финансы
610 Ключевые слова 0_
a Ключевые слова диссертации
700 Автор _1
a Фамилия Казанцева
b Имя Е.С.
801 Источник записи _1
a Страна ru
b Организация ДОННУЭТ
852 Данные о местонахождении __
a Наименование организации Научная библиотека
901 Тип документа __
t Тип документа d
952 Тип литературы __
a Тип литературы для КСУ ВШ ДЭ
c Вид литературы научные документы